000 00516nam a2200169Ia 4500
003 GCL
008 140319s9999 xx 000 0 ara d
040 _aGCL /
_cGCL
082 0 4 _a811.9
_bم ر
100 1 _aمحمد ابراهيم ابوسنة
245 1 0 _aرماد الاسئلة الخضراء /
_cمحمد ابراهيم ابوسنة
300 _a103 ص
490 _a
650 0 4 _aالشعر - دواوين و قصائد
650 0 4 _aالشعر العربى - العصر الحديث
942 _2ddc
_cBK
999 _c41042
_d41042